La población de Nueva España en el siglo XVI / (Record no. 118744)

MARC details
000 -LEADER
campo de control de longitud fija 00823nam a2200229 i 4500
001 - NÚMERO DE CONTROL
campo de control 118744
003 - IDENTIFICADOR DE NÚMERO DE CONTROL
campo de control ES-MaACL
005 - FECHA Y HORA DE LA ÚLTIMA TRANSACCIÓN
campo de control 20230906191152.0
007 - CAMPO FIJO DE DESCRIPCIÓN FÍSICA--INFORMACIÓN GENERAL
campo de control de longitud fija t|
008 - DATOS DE LONGITUD FIJA--INFORMACIÓN GENERAL
campo de control de longitud fija 070214s1928 sp |||| | spa d
100 1# - ENTRADA PRINCIPAL--NOMBRE DE PERSONA
Nombre de persona Pérez-Bustamante, Ciriaco,
Fechas asociadas al nombre 1896-1975
9 (RLIN) 90682
245 13 - MENCIÓN DEL TÍTULO
Título La población de Nueva España en el siglo XVI /
Mención de responsabilidad, etc. por el Dr. Ciriaco Pérez Bustamante ; con la colaboración de M. P. Lorenzana y S. González García.
260 ## - PUBLICACIÓN, DISTRIBUCIÓN, ETC.
Lugar de publicación, distribución, etc. Santander :
Nombre del editor, distribuidor, etc. Boletín de la Biblioteca Menéndez y Pelayo,
Fecha de publicación, distribución, etc. 1928.
300 ## - DESCRIPCIÓN FÍSICA
Extensión 18 p. ;
Dimensiones 25 cm.
651 #4 - PUNTO DE ACCESO ADICIONAL DE MATERIA--NOMBRE GEOGRÁFICO
Nombre geográfico Nueva España-
Subdivisión general Población.
9 (RLIN) 169570
700 1# - ENTRADA AGREGADA--NOMBRE PERSONAL
Nombre de persona Lorenzana, M. P.
9 (RLIN) 74132
700 1# - ENTRADA AGREGADA--NOMBRE PERSONAL
Nombre de persona González García, S.
9 (RLIN) 58659
852 ## - LOCALIZACIÓN
Ubicación ES-MaACL
Número de control de estantería 1752-F-17
852 ## - LOCALIZACIÓN
Ubicación ES-MaACL
Número de control de estantería 1726-F-5
852 ## - LOCALIZACIÓN
Ubicación ES-MaACL
Número de control de estantería 1737-F-23
Holdings
Estatus retirado Estado de pérdida Estado de daño No para préstamo Colección Biblioteca de origen Biblioteca actual Ubicación en estantería Fecha de adquisición Fuente de adquisición Total de préstamos Signatura topográfica completa Código de barras Visto por última vez Precio de reemplazo Tipo de ítem Koha
        Colección de folletos Biblioteca del Ateneo de Madrid Biblioteca del Ateneo de Madrid Depósito folletos 17/01/2008     1737-F-23 1123790 23/02/2023 23/02/2023 Folleto
        Colección de folletos Biblioteca del Ateneo de Madrid Biblioteca del Ateneo de Madrid Depósito folletos 17/01/2008     1752-F-17 1123788 23/02/2023 23/02/2023 Folleto
        Colección de folletos Biblioteca del Ateneo de Madrid Biblioteca del Ateneo de Madrid Depósito folletos 17/01/2008     1726-F-5 1123789 23/02/2023 23/02/2023 Folleto